00214nam a22000857a 4500082001400000100003300014245002500047260004800072300000800120 a630.5 YEA aYearbook of Agriculture 1972 aLandscape for Living aWashington DCbUS Dept of Agriculturec1973 a375